Optimalizácia zváracích procesov pri výrobe a montáži vostavby hermetického uzáveru na JE V-1 : Diplomová práca

Gespeichert in:
Bibliographische Detailangaben
1. Verfasser: Štiglic, Marián (Verfasst von)
Weitere Verfasser: Csekey, Ľudovít (xxx)
Format: Manuskript Buch
Sprache:Slowakisch
Veröffentlicht: Trnava : SVŠT v Bratislave StF KZZS, 1991
Schlagworte:
Tags: Tag hinzufügen
Keine Tags, Fügen Sie das erste Tag hinzu!

MARC

LEADER 00000ntm a22000003a 4500
001 stu116513
005 20160719162747.1
008 060421s1991----cs------------------slo-d
040 |a STU  |b slo 
041 0 |a slo 
044 |a cs 
100 1 |a Štiglic, Marián  |4 aut 
245 1 |a Optimalizácia zváracích procesov pri výrobe a montáži vostavby hermetického uzáveru na JE V-1 :  |b Diplomová práca 
260 |a Trnava :  |b SVŠT v Bratislave StF KZZS,  |c 1991 
300 |a 80 s  |c príl 
650 7 |a strojárska technológia  |2 stusub 
650 7 |a zváranie  |2 stusub 
700 1 |a Csekey, Ľudovít  |4 xxx 
996 |b 284M072895  |c M*DP-3158  |l MMSKP  |s P  |a 0  |w stu116513_0001